Environmental management in organizations : the IEMA handbook

Αποθηκεύτηκε σε:
Λεπτομέρειες βιβλιογραφικής εγγραφής
Άλλοι συγγραφείς: Brady, John 1945- (Επιμελητής έκδοσης)
Μορφή: Βιβλίο
Γλώσσα:English
Δημοσίευση: London : IEMA, Earthscan, 2005
Θέματα:
Ετικέτες: Προσθήκη ετικέτας
Δεν υπάρχουν, Καταχωρήστε ετικέτα πρώτοι!

MARC

LEADER 00000nam a2200000 i 4500
001 1/94726
008 080930s2005 eng d
020 |a 1-85383-976-0 
035 |l 10100535 
040 |a GR-MY-UA  |b gre  |e aacr 
041 0 |a eng 
082 0 |a 658.4083  |2 (22) 
245 1 0 |a Environmental management in organizations :  |b the IEMA handbook /  |c edited by John Brady 
260 |a London :   |b IEMA,   |b Earthscan,   |c 2005 
300 |a xxxiii, 438 σ.;  |b πίν. ;  |c 25 εκ. 
504 |a Περιέχει βιβλιογραφικές αναφορές και ευρετήριο 
650 0 0 |a Environmental management. 
650 0 0 |a Environmental sciences  |x Information resources. 
700 1 |a Brady, John  |d 1945-  |4 edt 
852 |a INST  |b LESVOS  |e 20080930  |h 658.4083 ENV  |p 005100042941  |q 005100042941  |t BK  |y 0 
901 |a BIBL1-2008-3 
909 |a Λ  |b 143934 
922 |a 1ΕΛΗ  |b 200801  |c ΕΠΕΑΕΚ2/ΤΠ  |d ΠΑΠΑΣΩΤΗΡΙΟΥ 
970 |a ΧΑΤΖΗΜΙΧΑΗΛ  |b ΜΑΡΙΑ  |z 2008/09/30